Guia de ação de gestores municipais para a construção de cidades sustentáveis / (Record no. 1157)

MARC details
000 -LÍDER
Campo Fixo de Controle 00896nam a2200229 a 4500
001 - NÚMERO DE CONTROLE
Campo de Controle 1157
003 - IDENTIFICAÇÃO DO NÚMERO DE CONTROLE
Campo de Controle BR-CuiBMT
005 - DATA E HORA DA ÚLTIMA ATUALIZAÇÃO
Campo de Controle 20231130123108.0
008 - DADOS FIXOS
Dados Fixos 231130s2017 dfba f000 0 por d
040 ## - AGÊNCIA CATALOGADORA
Código da Agência Catalogadora BR-CuiBMT
Agência que transcreveu o registro BR-CuiBMT
080 ## - Nº DA CLASSIFICAÇÃO DECIMAL UNIVERSAL
Nº edição CDU 2007
Nº Class. CDU 711.4:502.131.1
Subd. Auxiliar Comum (036)
090 ## - NÚMERO DE CHAMADA
Nº classificação 711.4:502.131.1(036)
Cutter S474g
110 2# - ENTRADA PRINCIPAL -- ENTIDADE
Nome da entidade ou lugar Senado Federal.
Unidade subordinada Conselho de Estudos Políticos.
245 10 - TÍTULO PRINCIPAL
Título principal Guia de ação de gestores municipais para a construção de cidades sustentáveis /
Indicação de responsabilidade Senado Federal, Conselho de Estudos Políticos.
260 ## - PUBLICAÇÃO, DISTRIBUIÇÃO, ETC.
Local de publicação Brasília :
Editora Senado Fderal,
Data 2017.
300 ## - DESCRIÇÃO FÍSICA
N. páginas ou volumes 67 p. :
Ilustrações il. ;
Dimensões 22 cm
504 ## - NOTA DE BIBLIOGRAFIA, ETC.
Nota de bibliografia Inclui bibliografia.
650 ## - ASSUNTO TÓPICO
Cabeçalho tópico ou nome geográfico Planejamento urbano
Subdivisão de forma Guias
Subdivisão geral Cidades sustentáveis
650 ## - ASSUNTO TÓPICO
Cabeçalho tópico ou nome geográfico Política urbana
Subdivisão de forma Guias
Subdivisão geral Desenvolvimento sustentável
Subdivisão geográfica Brasil
650 ## - ASSUNTO TÓPICO
Cabeçalho tópico ou nome geográfico Administração municipal
Subdivisão de forma Guias
Subdivisão geral Desenvolvimento sustentável
Subdivisão geográfica Brasil
942 ## - ELEMENTOS DE ENTRADA ADICIONAIS (KOHA)
Fonte de classificação ou esquema de arquivamento Classificação Decimal Universal
Tipo de item do Koha Livros
Holdings
Estado: removido Estado: perdido Fonte de classificação ou esquema de arquivamento Estado: danificado Indisponível para empréstimo Localização permanente Localização atual Data de aquisição Total Checkouts Número de Chamada completo Código de barras Date last seen Número do exemplar Preço efetivo a partir de Tipo de item (Koha)
    Classificação Decimal Universal     Biblioteca da Escola Superior de Contas do TCE/MT Biblioteca da Escola Superior de Contas do TCE/MT 30/11/2023   711.4:502.131.1(036) S474g BIBTCEMT23111353 30/11/2023 Ex. 1 30/11/2023 Livros

Powered by Koha